Tina Arena - Aller plus haut - Statistiques

Statistiques générales
  • Ce quiz a été pris 27 fois
  • Le résultat moyen est 104 sur 147
Statistiques - réponses
Réponse % Correct
à
100%
aller
96%
Aller
96%
haut,
96%
haut
96%
plus
96%
J'ai
92%
de
88%
la
88%
Pour
88%
pour
88%
des
83%
Des
83%
les
83%
Me
83%
Se
83%
l'avenir
79%
Et
75%
Je
75%
je
75%
mes
75%
pas
75%
souvenirs
75%
que
71%
su
71%
encore
63%
Il
63%
rapprocher
63%
te
63%
voulu
63%
dans
58%
dire
58%
jamais
58%
mon
58%
n'ai
58%
tant
58%
aux
54%
croire
54%
ses
54%
t'aime
54%
trace
54%
caché
50%
chemin
50%
ou
50%
50%
routes
50%
suivi
50%
différences
46%
fois
46%
garder
46%
Sous
46%
tracer
46%
vos
46%
aussi
42%
cru
42%
doutes
42%
faut
42%
perdu
42%
Seulement
42%
danse
38%
dessiner
38%
faux
38%
gens
38%
semblants
38%
vivais
38%
yeux
38%
cacheraient
33%
d'autres
33%
lesquels
33%
l'on
33%
oublie
33%
airs
29%
mains
29%
rêves
29%
poser
21%
haut,aller
0%
Aucun quiz correspondant
Distribution des résultats
% des personnes avec chaque résultat
Percentile par nombre de réponses
Votre historique - résultats
Vous n’avez pas pris ce quiz